=LDR 00000nam 2200000 4500 =001 INLIS000000000022383 =005 20130612121139 =008 ***********************************Ind** =035 ##$$0010-061300000022383 =041 ##$$a Ind =082 ##$$a 636.085 =090 ##$$a 636.085, Ang-i =100 ##$$a Anggorodi, R =245 ##$$a Ilmu makanan ternak umum, Prof. Dr. R. Anggorodi =260 ##$$a 1984 $b Jakarta =300 ##$$a xiii, 273 hlm., ilus., 21 cm =650 ##$$a Makanan ternak =850 ##$$a NBPNMAT